00301 2200121 4500245007100000250001100071100002100082650001600103005001900119260001800138041001400156336000900170 aLAPORAN KARYA SISWAb : MUSEUM FATAHILLAHcNADIA KHAIRINA ChText aCet. 1 aNADIA KHAIRINA C aKarya Siswa a20240829121419 aJakartac2024 aIndonesia atext